000 00814cam a2200265 4500
001 1306585
003 ARRUPE
005 20131002112933.0
008 710630s1971 njua b 001 0 eng
010 _a 77138464
020 _a0137965575
040 _aDLC
_cDLC
_dDLC
050 0 0 _aQ147
_b.B45 1971
100 2 _aBen-David, Joseph.
_92021
245 1 4 _aThe scientist's role in society;
_ba comparative study.
260 _aEnglewood Cliffs, N.J.,
_bPrentice-Hall
_c[1971]
300 _axi, 207 p.
_billus.
_c24 cm.
350 _a$6.95
490 0 _aFoundations of modern sociology series
504 _aIncludes bibliographical references.
650 0 _aScientists.
_92022
650 0 _aScience and civilization.
_92023
906 _a7
_bcbc
_corignew
_d2
_encip
_f19
_gy-gencatlg
942 _2lcc
_cMONOGRAPH
999 _c118228
_d118228